000 00540nam a22002177a 4500
003 UA-OsUOA
001 136883
007 ta
008 20190410b un ||||| |||| 00| 0 ukr d
090 _a908
_bИ99
942 _cBK
040 _aUA-OsUOA
_bukr
_cUA-OsUOA
_dUA-OsUOA
245 _aІвано-Франківський художній музей
300 _a52 с.
955 _a2
041 _aukr
080 _a908
260 _aК.
_bМистецтво
_c1983
650 7 _a908 Краєзнавство
_2UDC
999 _c418671
_d418671